| 000 | 02095cam a22004574i 4500 | ||
|---|---|---|---|
| 003 | PE-LiUPU | ||
| 005 | 20250731183355.0 | ||
| 008 | 161116s2006 mx b r b 001 0 spa d | ||
| 020 | _a9682464854 | ||
| 020 | _a9789682464850 | ||
| 035 | _a(Sirsi) a165145 | ||
| 040 |
_aPE-LiUPU _bspa _cPE-LiUPU _erda |
||
| 041 | 1 | _aspa | |
| 048 | _aPRUA | ||
| 082 | 0 | 4 |
_a796.334 _bG66 _220 |
| 100 | 1 |
_aonzález, Ariel. _eautor. |
|
| 245 | 1 | 3 |
_aLa preparación física en el fútbol :b674 programas / _cAriel González. |
| 264 |
_aMéxico :bEditorial Trillas, _c2006. |
||
| 300 |
_a380 páginas : _bilustaciones ; _c27 centimetros |
||
| 336 |
_atext _2rdacontent |
||
| 337 |
_aunmediated _2rdamedia |
||
| 338 |
_avolume _2rdacarrier |
||
| 504 | _aIndicé : página 379 | ||
| 504 | _aBibliografía : página 377 | ||
| 505 | 0 | _aLa condición física y su entrenamiento -- Funcionamiento del entrenamiento programado -- Pruebas de control de condición -- La preparación física del futbolista -- Programa de resistencia aeróbica -- Programas de velocidad-resistencia -- Programas de velocidad -- Programas de furza (resistencia, máxima y rápida) -- Programas de fuerza de salto -- Programas de fuerza de carrera -- Programas de movilidad. | |
| 526 | _aP158 | ||
| 526 | _aP146 | ||
| 526 | _aP17 | ||
| 526 | _aP12 | ||
| 526 | _aP06 | ||
| 541 | _g001-003310 | ||
| 650 | 0 | _aFútbol. | |
| 650 | 0 | 4 |
_aFútbol _x Enseñanza. |
| 650 | 0 | 4 |
_aFútbol _x Técnicas. |
| 650 | 0 | 4 | _aEntrenamiento de fútbol. |
| 910 |
_ajck _bjos _cjck _d20161116 |
||
| 942 |
_2ddc _cBOOK |
||
| 949 |
_a796.334 G66 _wDEWEY _c1 _i75055 _lCATALOGING _mBUL _p28.00 _r0 _sY _tBOOK _u2016-11-16 _xEDUCACION _zEDUCACION _0COMPRA _o.CIRCNOTE. El documento es de alto precio. _o.STAFF. Colección Ciencias Humanas y Educación |
||
| 596 | _a1 | ||
| 999 |
_a796.334 G66 _wDEWEY _c13928 _i75055 _f2021-11-9 _g5 _lCCODEBUL1 _mBUL _p28.00 _r0 _sY _tBOOK _u2016-11-16 _xEDUCACION _PP14 _0COMPRA _o.STAFF. Colección Ciencias Humanas y Educación _d13928 |
||
| 980 |
_81 _gALBERTO SANCHEZ Responsable de Automatización |
||